[Event "GER-ch U16"]
[Site "Willingen"]
[Date "2017.06.04"]
[Round "2"]
[White "Poghosyan, Tigran"]
[Black "Heldt, Nils Lennart"]
[Result "1-0"]
[WhiteElo "2156"]
[BlackElo "1963"]
[PlyCount "83"]
[EventDate "2017.06.04"]
[EventType "swiss"]
[EventRounds "9"]
[EventCountry "GER"]
[SourceTitle "CBM 178 Extra"]
[Source "ChessBase"]
[SourceDate "2017.06.22"]
[SourceVersion "1"]
[SourceVersionDate "2017.06.22"]
[SourceQuality "1"]

1. e4 e5 2. Nf3 Nc6 3. Bb5 f5 4. Nc3 fxe4 5. Nxe4 Nf6 6. Qe2 d5 7. Nxf6+ gxf6 8. d4 Bg7 9. dxe5 0-0 10. e6 Re8 11. 0-0 Rxe6 12. Qd1 Ne5 13. Nd4 Rb6 14. Be2 c5 15. Nb3 Rc6 16. f4 Nf7 17. Bf3 Rd6 18. Nxc5 f5 19. Nd3 Be6 20. Bd2 a5 21. Kh1 b6 22. Re1 Rc8 23. Ne5 Nxe5 24. fxe5 Rd7 25. Bf4 d4 26. Be2 Rc5 27. Bd3 Qh4 28. Bg3 Qh6 29. Qf3 Rf7 30. Bf4 Qg6 31. Qf2 Bd5 32. Re2 Rd7 33. Rae1 Be6 34. Bg3 Bh6 35. Qf3 Rg7 36. Rf1 Rf7 37. Bh4 Bg7 38. Qf4 Bh6 39. Qxd4 Rd7 40. Qf2 Qg4 41. h3 Qh5 42. Bxf5 1-0

[Event "GER-ch U25-A"]
[Site "Willingen"]
[Date "2016.05.17"]
[Round "5"]
[White "Isler, Benjamin"]
[Black "Heldt, Nils Lennart"]
[Result "1-0"]
[WhiteElo "1700"]
[BlackElo "1994"]
[PlyCount "63"]
[EventDate "2016.05.15"]
[EventType "swiss"]
[EventRounds "9"]
[EventCountry "GER"]
[SourceTitle "CBM 172 Extra"]
[Source "ChessBase"]
[SourceDate "2016.06.21"]
[SourceVersion "1"]
[SourceVersionDate "2016.06.21"]
[SourceQuality "1"]

1. e4 e5 2. Nf3 Nc6 3. Bc4 Bc5 4. c3 Nf6 5. d4 exd4 6. cxd4 Bb4+ 7. Nc3 Nxe4 8. 0-0 Bxc3 9. d5 Ne5 10. Bb3 0-0 11. bxc3 Nxc3 12. Qc2 Nxf3+ 13. gxf3 Nb5 14. Qb2 Qh4 15. Bc2 Nd6 16. Kh1 f6 17. Rg1 Kh8 18. Be3 Qh5 19. Qd4 Qxf3+ 20. Rg2 Nf5 21. Qd3 g6 22. Bd1 Qh3 23. Bg4 Qh4 24. Bxf5 gxf5 25. Rag1 b6 26. Bg5 fxg5 27. Qc3+ Kg8 28. Rxg5+ Kf7 29. Rg7+ Ke8 30. Re1+ Qe4+ 31. Rxe4+ fxe4 32. Qxc7 1-0

[Event "GER-ch U25-A"]
[Site "Willingen"]
[Date "2016.05.15"]
[Round "2"]
[White "Heldt, Nils Lennart"]
[Black "Syrov, Arkadi"]
[Result "0-1"]
[WhiteElo "1994"]
[BlackElo "2114"]
[PlyCount "62"]
[EventDate "2016.05.15"]
[EventType "swiss"]
[EventRounds "9"]
[EventCountry "GER"]
[SourceTitle "CBM 172 Extra"]
[Source "ChessBase"]
[SourceDate "2016.06.21"]
[SourceVersion "1"]
[SourceVersionDate "2016.06.21"]
[SourceQuality "1"]

1. d4 Nf6 2. c4 e6 3. Nc3 Bb4 4. Qc2 Nc6 5. Nf3 d6 6. Bg5 0-0 7. e3 e5 8. d5 Nb8 9. Nd2 h6 10. Bh4 a5 11. Bd3 Nbd7 12. 0-0 Nc5 13. Nde4 g5 14. Nxf6+ Qxf6 15. Bg3 Qg7 16. e4 f5 17. exf5 Nxd3 18. Qxd3 Bxf5 19. Qd2 Qg6 20. a3 Bc5 21. Ne2 a4 22. Rac1 Rf7 23. Kh1 Raf8 24. Rfd1 Be4 25. f3 Rxf3 26. Nc3 Rf2 27. Bxf2 Rxf2 28. Qxf2 Bxf2 29. Rf1 Bd4 30. Nxe4 Qxe4 31. Rf6 Qd3 0-1

[Event "Bremen-ch op"]
[Site "Bremen"]
[Date "2016.03.24"]
[Round "7"]
[White "Schwenke, Stefan"]
[Black "Heldt, Nils Lennart"]
[Result "0-1"]
[WhiteElo "1714"]
[BlackElo "1928"]
[PlyCount "114"]
[EventDate "2016.03.19"]
[EventType "swiss"]
[EventRounds "9"]
[EventCountry "GER"]
[SourceTitle "EXT 2018"]
[Source "ChessBase"]
[SourceDate "2017.10.13"]
[SourceVersion "1"]
[SourceVersionDate "2017.10.13"]
[SourceQuality "1"]

1. e4 e5 2. Nf3 Nc6 3. Nc3 Nf6 4. b3 Bc5 5. Be2 Bd4 6. Bb2 Nxe4 7. Nxd4 Nxc3 8. dxc3 exd4 9. cxd4 d5 10. Qd2 Be6 11. 0-0-0 0-0 12. Qf4 a5 13. a4 Na7 14. Rd3 b5 15. axb5 Nxb5 16. Rg3 Nd6 17. Bd3 g6 18. Re1 a4 19. bxa4 Rxa4 20. Re5 Qe7 21. Rge3 Qd7 22. Qf6 Ne8 23. Qf4 Ng7 24. Qf6 Rb8 25. h4 Ra2 26. Bc3 Qc6 27. Kd2 Ra3 28. Be2 Ne8 29. Qf4 Nd6 30. h5 Ne4+ 31. R5xe4 dxe4 32. Qe5 Bd5 33. hxg6 fxg6 34. Qe7 Qd6 35. Qxd6 cxd6 36. f3 exf3 37. Bxf3 Bxf3 38. Rxf3 Rc8 39. Bb4 Rxf3 40. gxf3 Rc4 41. c3 d5 42. Ke3 Kf7 43. Kf4 Kf6 44. Ba5 Rc8 45. Kg4 h5+ 46. Kh4 Kf5 47. Kg3 g5 48. Bb4 h4+ 49. Kf2 Rc6 50. Ke3 h3 51. Kf2 Kf4 52. c4 Rxc4 53. Bd6+ Kf5 54. Kg3 Rxd4 55. Kxh3 Rd2 56. Kg3 d4 57. Bb4 Rb2 0-1